Score 0/15 Timer 03:00
0 Plays Today
Clue 4-Letter Word % Correct
Rid of diseaseCURE
87.7%
Having no companyLONE
86.8%
Geometric shape fit for frozen dairyCONE
84.4%
Graph of y = mx + bLINE
83.3%
Central partCORE
82.2%
Light-obsessed, flying insectMOTH
74%
Common term for a regular hexahedronCUBE
70.1%
Opposite divided by hypotenuseSINE
68.1%
Clue 4-Letter Word % Correct
Theme of rungs 1, 4, 6, 7, 15, and 1 & 15 combinedMATH
66.3%
One member of a pairMATE
56.1%
Small, parasitic arachnidMITE
55.5%
Something of Sporcle's typeSITE
48.1%
Former English rock band, _____ the HoopleMOTT
42%
Having little practical significanceMOOT
31.6%
Value at which a function equals zeroROOT
20.7%

Today's Daily Dose

Word Ladder
Silence

Get the Picture
Philly Team Facts

You're not logged in!

Compare scores with friends on all Sporcle quizzes.
OR
Log In

Sporcle TV

Today on Sporcle TV


Watch our educational content, quiz creation guides, and fun videos on Sporcle TV.

Show Comments

Extras

Top Quizzes Today


Score Distribution

Your Account Isn't Verified!

In order to create a playlist on Sporcle, you need to verify the email address you used during registration. Go to your Sporcle Settings to finish the process.

Report this User

Report this user for behavior that violates our Community Guidelines.

Details: